1883 1368 1470 1057 1656 1229 1682 1383 1857 1269 1162 1436 1972 1652 1723 1856 1295 1676 1301 1840 1248 1015 1907 1066 1641 1056 1116 1776 1576 1328 1549 1905 1408 1609 1312 1668 1518 1490 1081 1187 1892 1525 1737 1096 1729 1612 1609 1121 1095 1727 1179 1969 1077 1121 1015 1882 1553 1916 1708 1603 1437 1715 1731 1062 1567 1234 1182 1443 1662 1419 1875 1584 1707 1718 1512 1852 1536 1995 1404 1092 1846 1717 1530 1288 1725 1869 1006 1026 1953 1127 1064 1413 1547 1867 1464 1922 1286 1337 1799 BCNSPRNW ULIB Ver.6.0+V

เปลี่ยนเป็นภาษาไทย

Change to English
 แสดงรายละเอียดบรรณานุกรม
  กลับหน้าหลัก

Brief Record : Get Marc (ISO 2709) : E-mail record : QR code < ปิดหน้าต่าง
LEADER : 00000nam 2200000uu 4500
001    13399120364
003     ULIB
008    120918s2552||||th 000 0 tha d
020    ^a9742939314
060 04 ^aWY159^bก496 2552
245 00 ^aการพยาบาลเด็ก เล่ม 2 /^cบรรณาธิการ, พรทิพย์ศิริบูรณ์พิพัฒนา
250    ^aพิมพ์ครั้งที่ 7
260    ^aนนทบุรี :^bโครงการสวัสดิการวิชาการ สถาบันพระบรมราชชนกกระทรวงสาธารณสุข,^c2552
300    ^a[12], 467 หน้า :^bภาพประกอบ ;^c26 ซม.
504    ^aมีบรรณานุกรมและดัชนี
650  7 ^aการพยาบาลกุมารเวชศาสตร์
700 0  ^aพรทิพย์ ศิริบูรณ์พิพัฒนา,^eบรรณาธิการ
710 2  ^aกระทรวงสาธารณสุข
710 2  ^aสถาบันพระบรมราชราชชนก ^bโครงการสวัสดิการวิชาการ
945    ^p250^l0^i16901
945    ^p0^l0^i12071
995    ^aวิภา
999 ^a ใช้งานได้ทุกระบบ
รายการนี้ยังไม่มีแท็ก
คุณยังไม่ได้ล็อกอิน คุณสามารถมีกิจกรรมร่วมกับเว็บไซต์ได้ แต่ต้องล็อกอินก่อน ::
  ล็อกอิน

รายการสื่อสารสนเทศ

ลำดับที่ ประเภท เลขเรียก/บาร์โค้ด สถานที่ สถานะ
1. การศึกษาทั่วไป
การศึกษาทั่วไป
WY159 ก496 2552 ฉ.2 
  Barcode: 12071
ห้องสมุดวิทยาเขตสวรรค์ประชารักษ์
►หนังสือทั่วไป
บนชั้น

รายการใกล้เคียง
    หัวเรื่อง [การพยาบาลกุมารเวชศาสตร์]

BibComment


ยังไม่เคยถูกคอมเมนท์

คอมเมนท์ทรัพยากรรายการนี้
  คอมเมนท์: การพยาบาลเด็ก เล..


 Copyright 2026. Bcnsprnw @Library